000 00245pam a2200121 a 4500
020 _c
041 _aeng
100 _aMorgan.D.
245 _aLove
_hTextual Documents
260 _a[s.l]:
_bJanico Publishing
300 _a252p.
930 _a15545
999 _c92445
_d92445